| 000 | 03774nam a2200277 4500 | ||
|---|---|---|---|
| 003 | DO-SdBJH | ||
| 005 | 20260630125004.0 | ||
| 008 | 260623b2025 |||d|||| |||| 00| 0 spa d | ||
| 040 |
_aDO-SdBJH _bspa _cDO-SdBJH |
||
| 041 | 0 | _aspa | |
| 090 |
_aCT E-CEMA 0005 _bEGCEMA 2025 |
||
| 100 | 1 |
_aCedano Cedeño, Wilkins _esustentante |
|
| 245 | 1 | 0 |
_aRol de la Fuerza Aérea de República Dominicana ante las amenazas emergentes en el dominio : _baeroespacial, periodo 2020-2024 / _cWilkins Cedano Cedeño, Ángel Mrds. Pérez Peña; asesor metodológico Dominga Dolores Méndez Medina; asesor de contenido Manuel De Js. Méndez Mercedes. |
| 260 |
_aSanto Domingo, República Dominicana : _bUNADE, _c2025. |
||
| 300 |
_axx, 129, [01] pàginas : _bgráficas. |
||
| 502 | _aTesis y trabajo de grado (Especialidad en Comando y Estado Mayor Aéreo) -- Universidad Nacional Para la Defensa "General Juan Pablo Duarte y Díez", Escuela de Graduados de Comando y Estado Mayor Aéreo, Santo Domingo, 2025. | ||
| 504 | _aIncluye referencias bibliográficas, apéndice y anexos. | ||
| 505 | _aEvolución del panorama de las amenazas emergentes en el Dominio Aeroespacial de República Dominicana --Capacidades tecnológicas y estrategias operativas de la Fuerza Aérea de República Dominicana --Acciones realizadas por la Fuerza Aérea de República Dominicana para la optimización y fortalecimiento del dominio aeroespacial ante las amenazas emergentes durante el periodo 2020-2024. | ||
| 518 | _aLa presente investigación analiza el rol de la Fuerza Armada de República Dominicana (FARD) frente a las amenazas emergentes que han impactado el dominio aeroespacial nacional durante el periodo 2020-2024. Este intervalo estuvo marcado por un incremento significativo de incursiones irregulares, uso ilícito de aeronaves no tripuladas, interferencias electrónicas y manifestaciones asociadas a riesgos híbridos, lo que exigió a la institución fortalecer sus capacidades tecnológicas, doctrinales y operativas. El estudio se desarrollo bajo un enfoque mixto, combinando datos cualitativos obtenidos mediante entrevistas a personal estratégico incluido el Director de Defensa Aerea con información cuantitativa procedentes de cuestionarios aplicados a 50 oficiales vinculados a las operaciones de vigilancia, comando y control. Este diseño metodológico permitió identificar las brechas existentes entre la velocidad de evolución de las amenazas y el nivel de preparación institucional para enfrentarlas. Los resultados muestran que, pose a limitaciones presupuestarias históricas, la FARD ha avanzado en modernización tecnológica, integración de nuevos sistemas de vigilancia, fortalecimiento del patrullaje aéreo y adecuación doctrinal para responder al dinamismo del entorno aeroespacial. Sin embargo, persisten desafíos relevantes relacionados con la necesidad de incorporar tecnologías de detección avanzadas, plataformas anti drones, capacidades de ciberdefensas y esquemas mas robustos de coordinación interinstitucional. La investigación concluye que la complejidad del escenario aeroespacial actual demanda una visión estratégica que trascienda la vigilancia tradicional y avance hacia un modelo multidominio , resiliente y tecnológicamente actualizado. | ||
| 610 | 2 | 7 |
_2lemb _aFuerza Aérea de República Dominicana _vTesis y disertaciones académicas _xDefensa aeroespacial _y2020-2024 _zRepública Dominicana |
| 650 | 7 |
_2lemb _aSeguridad nacional _vTesis y disertaciones académicas _xAmenazas emergentes _xDominio aeroespacial _y2020-2024 _zRepública Dominicana |
|
| 700 | 1 |
_aPérez Peña, Ángel Mrds. _esustentante |
|
| 700 | 1 |
_eMéndez Medina, Dominga Dolores _4asesor metodológico |
|
| 700 | 1 | _eMéndez Mercedes, Manuel De Js. | |
| 942 |
_2CL _cT |
||
| 999 |
_c8715 _d8715 |
||